La segunda mitad de ser tiempo: sobre los problemas fundamentales de la fenomenología de Heidegger

Sparad:
Bibliografiska uppgifter
Huvudupphovsman: Herrmann, Friedrich-Wilhelm von (Författare, medförfattare)
Materialtyp: Bok
Språk:spanska
Publicerad: Madrid Trotta 1997
Serie:Colección Estructuras y Procesos. Serie Filosofía
Ämnen:
Taggar: Lägg till en tagg
Inga taggar, Lägg till första taggen!

MARC

LEADER 00000nam a2200000 a 4500
001 UCO0579
003 CL-VaPUC
008 000420e19970000SP |||||||||||||||||spa|d
082 0 4 |a 142.7  |b HER  |2 21 
100 |a Herrmann, Friedrich-Wilhelm von  |e author  |9 441909 
245 1 3 |a La segunda mitad de ser tiempo: sobre los problemas fundamentales de la fenomenología de Heidegger 
300 |a 99 p 
942 |c BK 
945 |d 20000420 00:00:00  |a rbrito 
260 |a Madrid  |b Trotta  |c 1997 
650 0 |a Fenomenología  |9 256519 
650 0 |a Filosofía alemana   |9 265002 
650 0 |a Crítica e interpretación   |9 255042 
583 |a last modification  |c 20000420 00:00:00  |k Rodrigo Vera 
490 0 |a Colección Estructuras y Procesos. Serie Filosofía 
999 |c 287238  |d 287236 
952 |0 0  |1 0  |4 0  |6 142_700000000000000_HER_1997  |7 0  |8 A  |9 333734  |a BIBEDU  |b BIBEDU  |d 2019-11-20  |i 3611442  |l 1  |o 142.7 HER 1997  |p 3611442  |r 2024-03-26  |s 2024-03-18  |w 2019-11-20  |y BK  |k FIL 
952 |0 0  |1 2  |4 0  |6 142_700000000000000_HER_1997  |7 0  |8 A  |9 333735  |a BIBTEO  |b BIBTEO  |d 2019-11-20  |i 3519732  |o 142.7 HER 1997  |p 3519732  |r 2019-11-20  |w 2019-11-20  |y BK  |k ICR